000 00910nam a2200301Ia 4500
003 OSt
005 20221007123845.0
006 a|||||r|||| 00| 0
007 ta
008 221006b |||||||| |||| 00| 0 eng d
020 _a0470018658 (pbk)
024 _a80109
037 _b104, 07/01/2008, Dhanraj Book House
_cTextual
040 _aCDL
_cCDL
_beng
041 _2eng
_aeng
082 _aE1:218, P7;2 Carc
100 _aMuller Ulrich
_9444949
245 0 _aInorganic structural chemistry
250 _a2
260 _aHoboken
_bJohn Wiley & Sons
_c2007
300 _ax,268p.
_ccm.
500 _aBibliographical references 249-255p; Index 259-268p
650 _a Chemical structure
_9713995
650 _a Inorganic
650 _aChemistry
942 _hE1:218, P7;2 Carc
_cTEXL
_2CC
999 _c1212581
_d1212581